00336nam a2200121Ia 4500008004100000041000800041082001700049100002200066245005800088260003200146300001900178999001700197241015s9999 xx 000 0 und d aeng a658.0072 ROD aEduardo Rodriguez aRisk Analytics Dat-Driven Decisions Under Uncertainty bCrc PressaBoca Ratonc2024 a469;. P. 23 cm c41713d41713